000 00535 a2200217 4500
001 140071
003 OSt
005 20260120174018.0
008
020 _a9781259062582
082 _a518
_bD53N
100 1 _aDey, Sukhendu
245 1 _aNumerical methods
_cby Sukhendu Dey and Shishir Gupta
260 _aNew Delhi
_bMcGraw Hill
_c2013
300 _a570p.
546 _aenglish
650 _aMathematics
653 _aNumerical methods
700 _aGupta, Shishir
942 _2ddc
_cBK
999 _c20682
_d20682